[Event "Mittelrhein Verbandsliga-W 17/18"]
[Site "Nordrheinwestfalen"]
[Date "2017.12.03"]
[Round "5.4"]
[White "Jopek, Eugeniusz"]
[Black "Schmidt, Lysander"]
[Result "0-1"]
[WhiteElo "1927"]
[BlackElo "1903"]
[PlyCount "125"]
[EventDate "2017.09.10"]
[EventType "team-tourn"]
[EventRounds "11"]
[EventCountry "GER"]
[SourceTitle "EXT 2022"]
[Source "ChessBase"]
[SourceDate "2021.10.06"]
[SourceVersion "1"]
[SourceVersionDate "2021.10.06"]
[SourceQuality "1"]
[WhiteTeam "Pulheim"]
[BlackTeam "Lendersdorf"]
[WhiteTeamCountry "GER"]
[BlackTeamCountry "GER"]

1. e4 c5 2. Nf3 e6 3. d4 cxd4 4. Nxd4 a6 5. Nc3 Qc7 6. a3 Nf6 7. Bg5 Be7 8. Qd2 0-0 9. f3 b5 10. Bd3 Bb7 11. g4 Nc6 12. Nxc6 Bxc6 13. Bf4 d6 14. h4 Nd7 15. g5 Ne5 16. Qe2 f6 17. Rh3 fxg5 18. Bxg5 Bxg5 19. hxg5 Qf7 20. 0-0-0 Qf4+ 21. Kb1 Nxf3 22. Rh5 Nxg5 23. Rg1 h6 24. Qg2 Qf2 25. Qh1 Qf3 26. Qh2 Qf4 27. Qg2 Be8 28. Ne2 Qf2 29. Rxg5 hxg5 30. Qxg5 Ra7 31. e5 Qh2 32. exd6 Qh5 33. Qe3 Raf7 34. Qxe6 Bd7 35. Qb3 Kh8 36. Nc1 Rf6 37. Qc3 Be6 38. Be4 Kg8 39. Rh1 Qg5 40. Bh7+ Kh8 41. Bd3+ Rh6 42. Re1 Bd7 43. Qc7 Qd8 44. Qc3 Qf6 45. Qd2 Qxd6 46. Ka2 Be6+ 47. b3 Bf5 48. Qc3 Bxd3 49. Nxd3 Rh2 50. Rg1 Qf6 51. Qc7 Rh5 52. Nf4 Rg5 53. Rh1+ Kg8 54. Nd3 Rg2 55. Nb4 Qf5 56. Qc6 Rg6 57. Qc7 Rc8 58. Qh2 Rh6 59. Qg1 Rxh1 60. Qxh1 a5 61. Qd5+ Qxd5 62. Nxd5 Rxc2+ 63. Kb1 0-1

[Event "Mittelrhein Verbandsliga-W 15/16"]
[Site "Nordrheinwestfalen"]
[Date "2015.12.13"]
[Round "5.3"]
[White "Jopek, Eugeniusz"]
[Black "Buechel, Juergen"]
[Result "1-0"]
[WhiteElo "1953"]
[BlackElo "1865"]
[PlyCount "75"]
[EventDate "2015.09.06"]
[EventType "team-tourn"]
[EventRounds "11"]
[EventCountry "GER"]
[SourceTitle "EXT 2022"]
[Source "ChessBase"]
[SourceDate "2021.10.06"]
[SourceVersion "1"]
[SourceVersionDate "2021.10.06"]
[SourceQuality "1"]
[WhiteTeam "Pulheim"]
[BlackTeam "Dueren Derichsweiler"]
[WhiteTeamCountry "GER"]
[BlackTeamCountry "GER"]

1. e4 c5 2. Nf3 d6 3. d4 cxd4 4. Nxd4 Nf6 5. Nc3 a6 6. Bg5 e6 7. f4 Be7 8. Qf3 h6 9. Bh4 g5 10. fxg5 Nfd7 11. Bg3 hxg5 12. 0-0-0 Qc7 13. Qg4 Ne5 14. Bxe5 dxe5 15. Nf3 Qc5 16. Rd3 f5 17. exf5 exf5 18. Qa4+ Bd7 19. Qb3 e4 20. Qxb7 exd3 21. Qxa8 Qe3+ 22. Nd2 Qe1+ 23. Nd1 0-0 24. Qd5+ Kg7 25. Qxd3 Bf6 26. Nf3 Qe6 27. Qb3 Qd6 28. Qd3 Qe6 29. Nd4 Qxa2 30. c3 Qa1+ 31. Kc2 Be5 32. g3 Qa4+ 33. b3 Qa5 34. Bg2 Qc7 35. Ne3 f4 36. Nd5 Qc5 37. b4 Bxd4 38. bxc5 1-0

[Event "Regionalliga Mittelrhein 1213"]
[Site "Germany"]
[Date "2013.05.05"]
[Round "10.6"]
[White "Jopek, Eugeniusz"]
[Black "Horstmann, Olaf"]
[Result "1-0"]
[WhiteElo "1903"]
[BlackElo "2094"]
[PlyCount "61"]
[EventDate "2012.09.09"]
[EventType "team"]
[EventRounds "11"]
[EventCountry "GER"]
[SourceTitle "EXT 2015"]
[Source "ChessBase"]
[SourceDate "2014.11.20"]
[SourceVersion "1"]
[SourceVersionDate "2014.11.20"]
[SourceQuality "1"]
[WhiteTeam "Pulheim"]
[BlackTeam "Godesberg II"]
[WhiteTeamCountry "GER"]
[BlackTeamCountry "GER"]

1. e4 d5 2. exd5 Qxd5 3. d4 Nc6 4. Be3 e5 5. c4 Qa5+ 6. Bd2 Bb4 7. d5 Nd4 8. Nc3 Bf5 9. Rc1 Qb6 10. Be2 Qg6 11. Kf1 Nf6 12. Qa4+ b5 13. Qxb4 a5 14. Qc5 Nd7 15. Qxc7 0-0 16. Nxb5 Nxb5 17. cxb5 Rfc8 18. Qxc8+ Rxc8 19. Rxc8+ Nf8 20. Rc6 f6 21. h4 Be4 22. f3 Bxd5 23. Rc8 Qb1+ 24. Kf2 Qxb2 25. Be3 Kf7 26. Nh3 Ne6 27. Rd1 Qxa2 28. b6 Qb3 29. h5 a4 30. Rd3 Qa2 31. b7 1-0

[Event "Regionalliga Mittelrhein 1213"]
[Site "Germany"]
[Date "2013.01.13"]
[Round "6.7"]
[White "Hess, Dennis"]
[Black "Jopek, Eugeniusz"]
[Result "0-1"]
[WhiteElo "1981"]
[BlackElo "1903"]
[PlyCount "77"]
[EventDate "2012.09.09"]
[EventType "team"]
[EventRounds "11"]
[EventCountry "GER"]
[SourceTitle "EXT 2015"]
[Source "ChessBase"]
[SourceDate "2014.11.20"]
[SourceVersion "1"]
[SourceVersionDate "2014.11.20"]
[SourceQuality "1"]
[WhiteTeam "Langenfeld II"]
[BlackTeam "Pulheim"]
[WhiteTeamCountry "GER"]
[BlackTeamCountry "GER"]

1. e4 c5 2. d4 cxd4 3. c3 dxc3 4. Nxc3 d6 5. Bc4 Nc6 6. Nf3 e6 7. 0-0 Nf6 8. Qe2 Bd7 9. Bf4 a6 10. Rfd1 Qb8 11. a4 Ne5 12. Nxe5 dxe5 13. Bg5 Be7 14. Bxf6 Bxf6 15. Rac1 Bc6 16. b4 0-0 17. b5 axb5 18. axb5 Be8 19. Qh5 Qc7 20. Qe2 Bg5 21. Rc2 Qb6 22. Qh5 Bf6 23. h4 Qc7 24. Bd3 Qe7 25. g3 g6 26. Qf3 h5 27. Qe3 Kg7 28. Qb6 Rd8 29. Na4 Qb4 30. Nc5 Be7 31. Rdc1 Bc6 32. Nxb7 Bxb7 33. Rc4 Qd6 34. Qxb7 Bxh4 35. Bf1 Bg5 36. Rc6 Qd7 37. Rc7 Qd4 38. R1c4 Qa1 39. Qa7 0-1

[Event "Mittelrhein Verbandsliga-W 1112"]
[Site "Germany"]
[Date "2012.01.15"]
[Round "5.6"]
[White "Jopek, Eugeniusz"]
[Black "Klein, Gernot"]
[Result "1-0"]
[WhiteElo "1927"]
[BlackElo "1803"]
[PlyCount "131"]
[EventDate "2011.09.18"]
[EventType "team-tourn"]
[EventRounds "11"]
[EventCountry "GER"]
[SourceTitle "EXT 2013"]
[Source "ChessBase"]
[SourceDate "2012.11.22"]
[SourceVersion "1"]
[SourceVersionDate "2012.11.22"]
[SourceQuality "1"]
[WhiteTeam "Pulheim"]
[BlackTeam "Aachen PTSV"]
[WhiteTeamCountry "GER"]
[BlackTeamCountry "GER"]

1. e4 c5 2. Nf3 e6 3. d4 cxd4 4. Nxd4 a6 5. c4 Nf6 6. Nc3 Bb4 7. Bd3 d5 8. cxd5 0-0 9. 0-0 exd5 10. e5 Ng4 11. Nf3 Bxc3 12. bxc3 Nc6 13. h3 Ngxe5 14. Nxe5 Nxe5 15. Bxh7+ Kxh7 16. Qh5+ Kg8 17. Qxe5 Re8 18. Qg3 Bf5 19. Be3 Qf6 20. Bd4 Qg6 21. Qxg6 Bxg6 22. Rfe1 f6 23. f3 Rxe1+ 24. Rxe1 Re8 25. Be3 Rc8 26. Rc1 Rc4 27. a3 Ra4 28. Ra1 Rc4 29. Bd4 Rc8 30. Kf2 Re8 31. Rd1 b5 32. Bc5 Bf7 33. g4 Be6 34. f4 g6 35. Kg3 Kg7 36. h4 Bg8 37. g5 fxg5 38. fxg5 Be6 39. Rf1 Bf5 40. h5 Re4 41. h6+ Kh7 42. Rf4 Re2 43. Rf2 Re4 44. Rf4 Re2 45. Rb4 Rc2 46. Bd4 Bd3 47. Bg7 Bc4 48. Rb1 Re2 49. Bd4 Re8 50. a4 Re7 51. axb5 Bxb5 52. Rb2 Re2 53. Rb4 Re4 54. Kf3 Be2+ 55. Kf2 Bb5 56. Rb1 Rf4+ 57. Ke1 Rf1+ 58. Kd2 Rf5 59. Be3 Re5 60. Ra1 Re4 61. Re1 Re7 62. Bc5 Rc7 63. Bd4 Kg8 64. Re3 Kh7 65. Bf6 Bc4 66. Re8 1-0

[Event "Solingen op-B"]
[Site "Solingen"]
[Date "2005.05.26"]
[Round "1"]
[White "Leuther, Tobias"]
[Black "Jopek, Eugeniusz"]
[Result "0-1"]
[WhiteElo "1387"]
[BlackElo "1853"]
[PlyCount "44"]
[EventDate "2005.05.26"]
[EventType "swiss"]
[EventRounds "7"]
[EventCountry "GER"]
[SourceTitle "EXT 2006"]
[Source "ChessBase"]
[SourceDate "2005.11.24"]
[SourceVersion "1"]
[SourceVersionDate "2005.11.24"]
[SourceQuality "1"]

1. e4 c5 2. Nf3 d6 3. d4 cxd4 4. Nxd4 Nf6 5. Nc3 a6 6. f4 e6 7. Bd3 Qc7 8. Be3 b5 9. Qf3 Bb7 10. 0-0-0 Nbd7 11. Nb3 Nc5 12. Bxc5 dxc5 13. Nd2 c4 14. Bf1 Rc8 15. Qg3 b4 16. Na4 c3 17. bxc3 bxc3 18. Nc4 Nxe4 19. Qe3 Bd5 20. Nab6 Bc5 21. Qe2 Bxb6 22. Nxb6 Qxb6 0-1

[Event "Ruhrgebiet VK1 0405"]
[Site "Ruhrgebiet"]
[Date "2004.10.10"]
[Round "2.5"]
[White "Podzielny, Helmut"]
[Black "Jopek, Eugeniusz"]
[Result "1/2-1/2"]
[WhiteElo "1697"]
[BlackElo "1815"]
[PlyCount "98"]
[EventDate "2004.09.12"]
[EventType "team"]
[EventRounds "9"]
[EventCountry "GER"]
[SourceTitle "EXT 2006"]
[Source "ChessBase"]
[SourceDate "2005.11.24"]
[SourceVersion "1"]
[SourceVersionDate "2005.11.24"]
[SourceQuality "1"]
[WhiteTeam "Altenessen II"]
[BlackTeam "Essen Werden"]
[WhiteTeamCountry "GER"]
[BlackTeamCountry "GER"]

1. c4 e5 2. Nc3 Nc6 3. g3 d6 4. Bg2 Bd7 5. d3 f5 6. Nf3 h6 7. h4 Nf6 8. e3 Be6 9. Nd2 Be7 10. a3 0-0 11. b4 Qd7 12. Nd5 Nd8 13. Nxe7+ Qxe7 14. Bb2 c6 15. Rc1 Bf7 16. 0-0 f4 17. exf4 exf4 18. Re1 Be6 19. g4 Qf7 20. f3 d5 21. Be5 Nd7 22. Bd4 Nb6 23. c5 Nd7 24. Nb3 h5 25. g5 Bf5 26. Qd2 Ne6 27. Bf2 Rfe8 28. Nd4 Nxd4 29. Bxd4 Qg6 30. Bf1 Nf8 31. Bf2 Ne6 32. d4 Qf7 33. Kh2 Qc7 34. a4 g6 35. b5 Re7 36. a5 Rae8 37. b6 axb6 38. cxb6 Qd6 39. Qc3 Ng7 40. Rxe7 Rxe7 41. a6 bxa6 42. Bxa6 Bd7 43. Qc5 Qe6 44. Bf1 Nf5 45. b7 Re8 46. Ra1 Ne3 47. Bxe3 fxe3 48. Bg2 e2 49. Qb4 Rb8 1/2-1/2

[Event "Essen Werden op"]
[Site "Essen"]
[Date "2004.07.09"]
[Round "6"]
[White "Jopek, Eugeniusz"]
[Black "Kaltenpoth, Werner"]
[Result "0-1"]
[WhiteElo "1864"]
[BlackElo "1582"]
[PlyCount "94"]
[EventDate "2004.06.04"]
[EventType "swiss"]
[EventRounds "7"]
[EventCountry "GER"]
[SourceTitle "EXT 2007"]
[Source "ChessBase"]
[SourceDate "2006.11.23"]
[SourceVersion "1"]
[SourceVersionDate "2006.11.23"]
[SourceQuality "1"]

1. e4 c5 2. Nf3 d6 3. d4 cxd4 4. Nxd4 Nf6 5. Nc3 a6 6. Bg5 e6 7. f4 Be7 8. Qf3 Qb6 9. 0-0-0 Nc6 10. Nb3 Qc7 11. g4 h6 12. Bh4 b5 13. Bxb5 axb5 14. Nxb5 Qb8 15. e5 Qxb5 16. exf6 gxf6 17. Nd4 Nxd4 18. Qxa8 Qc6 19. Qxc6+ Nxc6 20. c3 d5 21. b4 Ba6 22. a4 Bc4 23. Kb2 Kd7 24. Ra1 Rb8 25. Kc2 Ra8 26. Bf2 Bf8 27. Rhe1 Bd6 28. b5 Na5 29. Be3 Nb3 30. Rab1 Na5 31. h4 Nb7 32. Ra1 Na5 33. Reb1 Be2 34. g5 fxg5 35. hxg5 h5 36. Rh1 Nc4 37. Bd2 Bf3 38. Rh4 Bg4 39. Bc1 Bc5 40. Kb3 Na5+ 41. Kc2 Bf2 42. Rh2 Bg3 43. Rg2 h4 44. Be3 Nc4 45. Kd3 Bf3 46. Rga2 Be4+ 47. Kd4 Kd6 0-1

[Event "Essen Werden op"]
[Site "Essen"]
[Date "2004.06.11"]
[Round "2"]
[White "Jopek, Eugeniusz"]
[Black "Blank, Stephan"]
[Result "1-0"]
[WhiteElo "1864"]
[BlackElo "1743"]
[PlyCount "164"]
[EventDate "2004.06.04"]
[EventType "swiss"]
[EventRounds "7"]
[EventCountry "GER"]
[SourceTitle "EXT 2007"]
[Source "ChessBase"]
[SourceDate "2006.11.23"]
[SourceVersion "1"]
[SourceVersionDate "2006.11.23"]
[SourceQuality "1"]

1. e4 c5 2. Nf3 e6 3. d4 cxd4 4. Nxd4 a6 5. Nc3 Qc7 6. a3 Nf6 7. Bg5 Be7 8. f4 d6 9. Qf3 Nc6 10. Nxc6 bxc6 11. Bd3 Rb8 12. b3 Bb7 13. 0-0 h6 14. Bh4 0-0 15. Ne2 c5 16. Bg3 Qc6 17. Nc3 Bd8 18. e5 Qxf3 19. gxf3 dxe5 20. fxe5 Nh5 21. Be4 Nxg3 22. hxg3 Ba5 23. Na4 Bxe4 24. fxe4 Rfc8 25. Rad1 Bc7 26. Rd7 Bxe5 27. Rfxf7 a5 28. Rfe7 c4 29. Rxe6 cxb3 30. cxb3 Re8 31. Rxe8+ Rxe8 32. Kg2 Bf6 33. Kf3 Be7 34. Ra7 Bxa3 35. Rxa5 Rb8 36. Nb6 Rxb6 37. Rxa3 Rb4 38. Kf4 Kf7 39. Kf5 Rb5+ 40. e5 g6+ 41. Ke4 Ke6 42. Ra6+ Kf7 43. Rf6+ Ke7 44. Rxg6 Rxb3 45. Kf4 Rb4+ 46. Kf5 Rb3 47. g4 Rf3+ 48. Ke4 Rh3 49. Ra6 Rh1 50. Ra3 Ke6 51. Ra6+ Kf7 52. Rf6+ Ke7 53. Kf5 Rf1+ 54. Kg6 Rg1 55. Rf4 Ke6 56. Kxh6 Kxe5 57. Rf5+ Ke6 58. Rf4 Rh1+ 59. Kg6 Rh8 60. Re4+ Kd5 61. Re1 Ra8 62. Kf5 Rf8+ 63. Kg5 Rg8+ 64. Kf4 Rf8+ 65. Kg3 Rg8 66. Re7 Kd6 67. Re2 Kd5 68. Rf2 Ke5 69. Rf5+ Ke4 70. Ra5 Rg7 71. g5 Rg8 72. Kg4 Rh8 73. Ra1 Ke5 74. Re1+ Kd6 75. g6 Rh2 76. Kg5 Rg2+ 77. Kf6 Rf2+ 78. Kg7 Rg2 79. Kf7 Rf2+ 80. Kg8 Rg2 81. g7 Kd7 82. Rh1 Ke8 1-0